000 00913nam a2200229 i 4500
001 186132
003 ES-MaACL
005 20231201191941.0
008 160912s2013 gw ac |||| |dger d
020 _a978-3-8288-3133-9
080 _a821.134.2 Ortega y Gasset, José 1.07
100 1 _aWinter, Rosemarie.
_9160801
245 1 0 _aIch bin, Ich und mein umstand...
_b: grundlegung der philosophie von José Ortega y Gasset /
_cRosemarie Winter.
260 _aMarburg :
_bTectum,
_c[2013]
300 _a234 p. :
_bil., retr. ;
_c21 cm.
504 _aBibliografía: p. 227-234.
600 1 4 _aOrtega y Gasset, José,
_d1883-1955-
_xCrítica e interpretación
_987505
852 _aES-MaACL
_jA-13811
_9193184
_bR.150932
_cDEPO1
_dOlim: N-6811
_gDedicatoria autógrafa de la autora
_hDonación: Rosemarie Winter
903 _9160801
_aWinter, Rosemarie
_ednr
942 _2udc
_cMONOGRAFIA
999 _c186132
_d186132